Dhwani bigyanar bhumika (Record no. 8860)
[ view plain ]
| 000 -LEADER | |
|---|---|
| fixed length control field | 00450cam a2200181ua 4500 |
| 008 - FIXED-LENGTH DATA ELEMENTS--GENERAL INFORMATION | |
| fixed length control field | 160910n ii |||gr||||Z||||||asm |
| 040 ## - CATALOGING SOURCE | |
| Transcribing agency | MAIN |
| 041 ## - LANGUAGE CODE | |
| -- | asm |
| 082 ## - DEWEY DECIMAL CLASSIFICATION NUMBER | |
| Classification number | 414.8 |
| 100 ## - MAIN ENTRY--PERSONAL NAME | |
| Personal name | Goswami, Golok Chandra, |
| Relator term | |
| 245 ## - TITLE STATEMENT | |
| Title | Dhwani bigyanar bhumika |
| Statement of responsibility, etc. | By Golok Chandra Goswami |
| 250 ## - EDITION STATEMENT | |
| Edition statement | 4th ed. |
| 260 ## - PUBLICATION, DISTRIBUTION, ETC. | |
| Place of publication, distribution, etc. | Guwahati: |
| Name of publisher, distributor, etc. | Bina library, |
| Date of publication, distribution, etc. | 2014. |
| 300 ## - PHYSICAL DESCRIPTION | |
| Extent | 152p. |
| 942 ## - ADDED ENTRY ELEMENTS (KOHA) | |
| Koha item type | Books |
| 653 ## - INDEX TERM--UNCONTROLLED | |
| Uncontrolled term | Phonology & phonetics |
| Withdrawn status | Lost status | Damaged status | Not for loan | Home library | Current library | Shelving location | Date acquired | Total Checkouts | Full call number | Barcode | Date last seen | Date last checked out | Copy number | Price effective from | Koha item type |
|---|---|---|---|---|---|---|---|---|---|---|---|---|---|---|---|
| Central Library, Naharkatiya College | Central Library, Naharkatiya College | General Stacks | 19/09/2020 | 23 | 414.8Assamese language | GOS | 23442 | 26/03/2026 | 09/03/2026 | 3 | 19/09/2020 | Books | ||||
| Central Library, Naharkatiya College | Central Library, Naharkatiya College | General Stacks | 19/09/2020 | 414.8Assamese language | GOS | 23443 | 21/10/2021 | 2 | 19/09/2020 | Books | ||||||
| Central Library, Naharkatiya College | Central Library, Naharkatiya College | General Stacks | 19/09/2020 | 26 | 414.8Assamese language | GOS | 23444 | 26/03/2026 | 09/03/2026 | 1 | 19/09/2020 | Books |
